| 000 | 01317pam a2200373 i 4500 | ||
|---|---|---|---|
| 001 | 8947 | ||
| 003 | FISKH | ||
| 005 | 20251111092820.0 | ||
| 008 | 780418s1978 nyua j 000 0 eng | ||
| 010 | _a 78008134 | ||
| 020 | _a0525401156 | ||
| 020 | _a9780525401155 | ||
| 040 |
_aDLC _beng _cDLC _dDLC |
||
| 050 | 0 | 0 |
_aPZ8.3.F937 _bSt 1978 |
| 051 |
_aPZ8.3.F937 _bSt 1978 Copy 2 _cJuv Coll |
||
| 082 | 0 | 0 | _a811/.5/2 |
| 100 | 1 |
_aFrost, Robert, _d1874-1963. |
|
| 245 | 1 | 0 |
_aStopping by woods on a snowy evening / _cRobert Frost ; illustrated by Susan Jeffers. |
| 260 |
_aNew York : _bDutton, _c1978 |
||
| 300 |
_a32 unnumbered pages : _bcolor illustrations ; _c27 cm |
||
| 505 | _aNP | ||
| 520 | _aIllustrations of wintry scenes accompany each line of the well-known poem. | ||
| 650 | 0 | _aChildren's poetry, American. | |
| 650 | 0 |
_aWinter _vJuvenile poetry. |
|
| 650 | 1 | _aWinter | |
| 650 | 1 | _aAmerican poetry. | |
| 655 | 7 |
_aPoetry. _2lcgft _0https://id.loc.gov/authorities/genreForms/gf2014026481 |
|
| 700 | 1 | _aJeffers, Susan. | |
| 710 | 2 |
_aJuvenile Collection (Library of Congress) _5DLC |
|
| 856 | 4 | 2 |
_3Contributor biographical information _uhttp://www.loc.gov/catdir/enhancements/fy1209/78008134-b.html |
| 906 |
_a7 _bcbc _corignew _d1 _eocip _f19 _gy-gencatlg |
||
| 942 |
_2ddc _cBK _n0 |
||
| 999 |
_c8947 _d8947 |
||